| 000 | 00387nam a22001337a 4500 | ||
|---|---|---|---|
| 082 |
_a551.48 _bHYD _cL-18, P-2 |
||
| 100 |
_aMeinzer, Oscar E _940303 |
||
| 245 |
_aHydrology _b _cOscar E.Meinzer |
||
| 260 |
_aNew york _bMcGraw hill book company, inc _cc1942. |
||
| 300 |
_axi, 712p. : _bill.; _c24 cm. |
||
| 526 |
_a0 _b0 _c0 _d551_480000000000000_HYD |
||
| 650 |
_aMCE _9379 |
||
| 942 |
_2ddc _cBK |
||
| 999 |
_c544624 _d544624 |
||